| 000 -LEADER | |
|---|---|
| fixed length control field | 00283nam a22000977a 4500 |
| 005 - DATE AND TIME OF LATEST TRANSACTION | |
| control field | 20170628105342.0 |
| 008 - FIXED-LENGTH DATA ELEMENTS--GENERAL INFORMATION | |
| fixed length control field | 170628b xxu||||| |||| 00| 0 eng d |
| 245 ## - TITLE STATEMENT | |
| Title | Media Navchintan |
| 260 ## - PUBLICATION, DISTRIBUTION, ETC. (IMPRINT) | |
| Place of publication | Bhopal |
| Name of publisher | Makhanlal Chaturvedi National University of Journalism & Communication |
| 942 ## - ADDED ENTRY ELEMENTS (KOHA) | |
| Koha item type | Journals/Serial |
| Lost status | Damaged status | Home library | Current library | Date acquired | Source of acquisition | Cost, normal purchase price | Accession Number | Koha item type | Shelving location |
|---|---|---|---|---|---|---|---|---|---|
| JRU Library | 28/06/2017 | Purchase | 400.00 | MN0001 | Journals/Serial | ||||
| JRU Library | 29/08/2017 | MN0002 | Journals/Serial | ||||||
| JRU Library | 27/02/2018 | Purchase | 0.00 | MN0003 | Journals/Serial | Periodicals Section |